[Event "Eliteserien 2017 - 18"]
[Site "Stavanger og Oslo"]
[Date "2017.11.03"]
[Round "6"]
[White "Østenstad, Berge"]
[Black "Notkevich, Benjamin Arvola"]
[Result "1/2-1/2"]
[WhiteElo "2448"]
[BlackElo "2455"]
[PlyCount "70"]
[EventDate "2017.??.??"]

1. d4 Nf6 2. c4 g6 3. Nc3 Bg7 4. e4 d6 5. Nf3 O-O 6. Be2 e5 7. O-O Nc6 8. d5
Ne7 9. b4 a5 10. Ba3 b6 11. bxa5 Rxa5 12. Bb4 Ra8 13. a4 Re8 14. Re1 Bf8 15.
Bf1 c5 16. dxc6 Nxc6 17. Ba3 Bg4 18. h3 Bxf3 19. Qxf3 Nd4 20. Qd1 Nd7 21. Qd3
Qc8 22. Reb1 Qc6 23. Qd1 Ra7 24. Bd3 Rea8 25. Bb4 Nc5 26. Bxc5 Qxc5 27. Ra2 Be7
28. Nd5 Bd8 29. Nc3 Kh8 30. Bf1 Kg7 31. Nb5 Ra5 32. Nc3 Bg5 33. Nd5 Bd8 34. Nc3
Qc6 35. Bd3 Qc5 
1/2-1/2

[Event "Eliteserien 2017 - 18"]
[Site "Stavanger og Oslo"]
[Date "2017.11.03"]
[Round "6"]
[White "Bern, Ivar"]
[Black "Lie, Espen"]
[Result "0-1"]
[WhiteElo "2317"]
[BlackElo "2459"]
[PlyCount "72"]
[EventDate "2017.??.??"]

1. c4 Nf6 2. g3 g6 3. Bg2 Bg7 4. Nc3 O-O 5. e4 c5 6. Nge2 Nc6 7. O-O Ne8 8. d3
Nc7 9. a3 Ne6 10. Rb1 a5 11. Nb5 d6 12. Be3 Bd7 13. f4 a4 14. h3 Ned4 15. Nbxd4
Nxd4 16. Nxd4 cxd4 17. Bd2 b5 18. cxb5 Bxb5 19. Bb4 Rc8 20. h4 Qd7 21. Kh2 Rc7
22. Rf2 Qe6 23. b3 axb3 24. f5 Qc8 25. Qxb3 Qa6 26. fxg6 hxg6 27. Bf1 Ba4 28.
Qa2 Be5 29. Bd2 e6 30. Rb2 Rfc8 31. Bb4 Rc1 32. Rbd2 R8c7 33. Bh3 Kg7 34. Qb2
Re1 35. Bf1 Rcc1 36. Kg2 Rb1 0-1

[Event "Eliteserien 2017 - 18"]
[Site "Stavanger og Oslo"]
[Date "2017.11.03"]
[Round "6"]
[White "Devereaux, Maxim L"]
[Black "Elsness, Frode"]
[Result "0-1"]
[WhiteElo "2374"]
[BlackElo "2477"]
[PlyCount "102"]
[EventDate "2017.??.??"]

1. e4 c6 2. d4 d5 3. e5 c5 4. dxc5 e6 5. a3 Bxc5 6. Nf3 Ne7 7. b4 Bb6 8. Bd3 a5
9. b5 Nd7 10. O-O Ng6 11. Qe2 O-O 12. a4 f6 13. Bxg6 hxg6 14. Bb2 fxe5 15. Nxe5
Nxe5 16. Bxe5 Bd7 17. Nd2 Rc8 18. c4 Qh4 19. Bg3 Qh5 20. Qxh5 gxh5 21. Rac1 Bc5
22. Nf3 Ba3 23. Ra1 Be7 24. cxd5 exd5 25. Rad1 Rf5 26. Rfe1 Bf6 27. Be5 Bxe5
28. Nxe5 Be6 29. Nf3 Bf7 30. Rd4 Kf8 31. h4 Rc2 32. Re5 Rxe5 33. Nxe5 Be6 34.
f3 Ke7 35. Kh2 Kd6 36. f4 Bf5 37. Kg3 Be4 38. Nf3 Rc4 39. Rxc4 dxc4 40. Ng5 Kd5
41. Kf2 Bc2 42. Ke3 Bxa4 43. f5 Bc2 44. Ne6 Bxf5 45. Nf4+ Ke5 46. Nxh5 a4 47.
Kd2 a3 48. Kc3 Be6 49. Ng3 a2 50. Kb2 c3+ 51. Ka1 Bc4 0-1

[Event "Eliteserien 2017 - 18"]
[Site "Stavanger og Oslo"]
[Date "2017.11.03"]
[Round "6"]
[White "Urkedal, Frode Olav Olsen"]
[Black "Andersen, Lars Even"]
[Result "1-0"]
[WhiteElo "2571"]
[BlackElo "2302"]
[PlyCount "63"]
[EventDate "2017.??.??"]

1. d4 Nf6 2. c4 Nc6 3. Nf3 e6 4. g3 Bb4+ 5. Nbd2 Ne4 6. Bg2 O-O 7. d5 Nxd2 8.
Bxd2 Bxd2+ 9. Qxd2 Nb8 10. d6 cxd6 11. Qxd6 Qa5+ 12. b4 Qb6 13. Rd1 f6 14. O-O
Nc6 15. a3 Nd8 16. Qd3 a5 17. c5 Qc7 18. Nd4 Nf7 19. Nb5 Qb8 20. Nd6 axb4 21.
axb4 Ne5 22. Qb5 Nc6 23. Ra1 Rd8 24. Qb6 Ra6 25. Rxa6 bxa6 26. Rc1 Kf8 27. Bxc6
Qxb6 28. cxb6 dxc6 29. b7 Bd7 30. Nc8 Rxc8 31. bxc8=Q+ Bxc8 32. Rxc6 
1-0

[Event "Eliteserien 2017 - 18"]
[Site "Stavanger og Oslo"]
[Date "2017.11.03"]
[Round "6"]
[White "Fossan, Erik"]
[Black "Bosiocic, Marin"]
[Result "1/2-1/2"]
[WhiteElo "2342"]
[BlackElo "2624"]
[PlyCount "130"]
[EventDate "2017.??.??"]

1. e4 c5 2. c3 d5 3. exd5 Qxd5 4. d4 Nf6 5. Nf3 e6 6. Be2 Nc6 7. O-O cxd4 8.
cxd4 Be7 9. Nc3 Qd6 10. Nb5 Qd8 11. Bf4 Nd5 12. Bg3 O-O 13. Bc4 Qb6 14. Qe2 a6
15. Nc3 Rd8 16. Rfd1 Qa5 17. Rac1 Bd7 18. Nxd5 exd5 19. Bb3 Be6 20. Bh4 Bxh4
21. Nxh4 Re8 22. Qf3 Qb4 23. Qc3 Qxc3 24. Rxc3 Bg4 25. f3 Bd7 26. g4 Re2 27.
Rc2 Rae8 28. Rdd2 Re1+ 29. Kf2 Rh1 30. Kg3 g5 31. Ng2 Re7 32. a3 Be6 33. f4 f6
34. fxg5 fxg5 35. Rc5 Rd7 36. Ba4 Rd6 37. Bxc6 bxc6 38. Rdc2 Bd7 39. Ra5 Re6
40. Rxa6 Re4 41. h3 Kf7 42. b4 Rb1 43. Ra8 Rb3+ 44. Kh2 h5 45. Ra2 hxg4 46.
hxg4 Bxg4 47. a4 Bd7 48. a5 g4 49. Ra1 g3+ 50. Kh1 Rxd4 51. Rd8 Ke7 52. a6
Rdxb4 53. a7 Rb1+ 54. Rxb1 Rxb1+ 55. Ne1 Rxe1+ 56. Kg2 Ra1 57. a8=Q Rxa8 58.
Rxa8 c5 59. Kxg3 d4 60. Ra6 d3 61. Kf3 Bb5 62. Ra2 Kd6 63. Ke4 Kc6 64. Rd2 Kb6
65. Rxd3 Bxd3+ 
1/2-1/2

[Event "Eliteserien 2017 - 18"]
[Site "Stavanger og Oslo"]
[Date "2017.11.03"]
[Round "6"]
[White "Romanov, Evgeny"]
[Black "Fossan, Petter"]
[Result "1-0"]
[WhiteElo "2626"]
[BlackElo "2304"]
[PlyCount "79"]
[EventDate "2017.??.??"]

1. Nf3 c5 2. c4 g6 3. e4 Nc6 4. d4 cxd4 5. Nxd4 Bg7 6. Be3 Nf6 7. Nc3 d6 8. Be2
Bd7 9. Nb3 O-O 10. O-O a5 11. Nd2 Nb4 12. f3 Bc6 13. Ndb1 Nd7 14. Na3 Na6 15.
Qd2 Ndc5 16. Nab5 Be5 17. Rad1 Re8 18. Kh1 a4 19. Nd5 e6 20. Ndc3 Qe7 21. Nd4
Red8 22. Qc2 Nb4 23. Qc1 Qh4 24. f4 Bg7 25. Nxc6 Nxc6 26. e5 Bf8 27. g3 Qh3 28.
exd6 Rxd6 29. Rxd6 Bxd6 30. Rd1 Be7 31. Bf3 Qf5 32. g4 Qf6 33. Bxc5 Bxc5 34.
Ne4 Qe7 35. Rd7 Qf8 36. Nf6+ Kh8 37. Bxc6 bxc6 38. Qc3 Qg7 39. g5 Rb8 40. Qe5
1-0

[Event "Eliteserien 2017 - 18"]
[Site "Stavanger og Oslo"]
[Date "2017.11.03"]
[Round "6"]
[White "Tallaksen, Levi André"]
[Black "Lie, Kjetil A."]
[Result "1-0"]
[WhiteElo "2276"]
[BlackElo "2538"]
[PlyCount "139"]
[EventDate "2017.??.??"]

1. d4 d6 2. Nf3 g6 3. e4 Bg7 4. c3 Nc6 5. Bb5 Bd7 6. O-O Nf6 7. Qe2 a6 8. Ba4
O-O 9. Rd1 e5 10. Bxc6 Bxc6 11. dxe5 Nxe4 12. Nd4 Qe8 13. Nxc6 Qxc6 14. f3 Nc5
15. exd6 Rfe8 16. Qf2 Rad8 17. Bf4 Qa4 18. Qd2 Be5 19. Bxe5 Rxe5 20. Qd4 Rxd6
21. Qxa4 Nxa4 22. Rxd6 cxd6 23. b3 Nb2 24. Nd2 d5 25. Kf1 Re3 26. Rb1 Nd3 27.
c4 Nf4 28. g3 Rd3 29. Ke1 Ne6 30. cxd5 Rxd5 31. Rc1 Kg7 32. Rc4 Nd4 33. Kf2 b5
34. Rc3 Ne6 35. Ke3 b4 36. Rc4 a5 37. f4 h5 38. Rc6 Nd4 39. Ra6 Nc2+ 40. Ke2
Na3 41. Nc4 Nb1 42. Rxa5 Nc3+ 43. Ke3 Rd1 44. Ne5 Re1+ 45. Kd3 h4 46. Ra7 hxg3
47. hxg3 Rg1 48. g4 Kg8 49. Nxf7 Rf1 50. f5 gxf5 51. Nh6+ Kf8 52. Nxf5 Rf2 53.
a4 Na2 54. Kc4 Rf3 55. Nd4 Rc3+ 56. Kb5 Rg3 57. Ne6+ Ke8 58. g5 Re3 59. g6 Nc3+
60. Kxb4 Nd5+ 61. Kc5 Nf6 62. Nd4 Rg3 63. Ra6 Rxg6 64. Kc4 Ke7 65. a5 Rg1 66.
Re6+ Kf7 67. Re2 Ra1 68. b4 Nd7 69. Kb5 Rd1 70. Nc6 
1-0

[Event "Eliteserien 2017 - 18"]
[Site "Stavanger og Oslo"]
[Date "2017.11.03"]
[Round "6"]
[White "Christiansen, Johan-Sebastian"]
[Black "Strand, Håkon"]
[Result "1-0"]
[WhiteElo "2468"]
[BlackElo "2179"]
[PlyCount "59"]
[EventDate "2017.??.??"]

1. Nf3 c5 2. c4 Nc6 3. g3 Nf6 4. Bg2 g6 5. O-O Bg7 6. d4 cxd4 7. Nxd4 O-O 8. c5
Qa5 9. Nb3 Qc7 10. Nc3 a6 11. Bf4 e5 12. Be3 h6 13. Qc1 Kh7 14. Rd1 Rd8 15. Rd6
Ne7 16. Na4 Nf5 17. Nb6 Rb8 18. Qd2 Re8 19. Rd1 Ng4 20. Nxc8 Ngxe3 21. fxe3
Qxc8 22. Rxd7 Nd4 23. Rxf7 Nxb3 24. axb3 Qxc5 25. Rc1 Rbd8 26. Rxc5 Rxd2 27.
Rcc7 Rg8 28. Rxb7 Rxe2 29. Bd5 Kh8 30. Rfc7 
1-0

[Event "Eliteserien 2017 - 18"]
[Site "Stavanger og Oslo"]
[Date "2017.11.03"]
[Round "6"]
[White "Gausel, Einar J"]
[Black "Djurhuus, Rune"]
[Result "1/2-1/2"]
[WhiteElo "2479"]
[BlackElo "2421"]
[PlyCount "113"]
[EventDate "2017.??.??"]

1. d4 Nf6 2. Nf3 g6 3. c4 Bg7 4. Nc3 O-O 5. Bg5 h6 6. Bh4 d6 7. e3 Nbd7 8. Be2
e5 9. Qc2 c6 10. O-O Qe7 11. Rfd1 g5 12. dxe5 dxe5 13. Bg3 Nh5 14. Bd3 Nxg3 15.
hxg3 Nc5 16. Bf5 e4 17. Bxc8 Raxc8 18. Nd4 f5 19. Qe2 Qf7 20. f3 Rce8 21. Rf1
Ne6 22. Nxe6 Qxe6 23. f4 g4 24. Rfd1 Rd8 25. Rxd8 Rxd8 26. Rd1 Rxd1+ 27. Nxd1
Qd6 28. Nf2 Kf7 29. b3 Qb4 30. Qd1 Ke7 31. Kh2 h5 32. Nxe4 fxe4 33. Qc2 Kf6 34.
Qxe4 Qe7 35. Qd3 Kf7 36. e4 Ke8 37. e5 Bxe5 38. fxe5 Qxe5 39. Qh7 b6 40. Qb7
Qc5 41. Qa8+ Kd7 42. Qxa7+ Kc8 43. Qf7 Kb8 44. Qd7 b5 45. cxb5 cxb5 46. a3 Ka8
47. Qe8+ Kb7 48. Qe4+ Kb6 49. b4 Qg5 50. Qc2 Qd5 51. a4 bxa4 52. Qxa4 Qc4 53.
Qa5+ Kc6 54. Qxh5 Qxb4 55. Qe5 Qc4 56. Qf4 Qe2 57. Kg1 1/2-1/2

[Event "Eliteserien 2017 - 18"]
[Site "Stavanger og Oslo"]
[Date "2017.11.03"]
[Round "6"]
[White "Hauge, Lars Oskar"]
[Black "Christenson, Flemming"]
[Result "1-0"]
[WhiteElo "2439"]
[BlackElo "2209"]
[PlyCount "81"]
[EventDate "2017.??.??"]

1. d4 d5 2. Bf4 Nf6 3. e3 c5 4. c3 Nc6 5. Nd2 Bf5 6. Qb3 Qd7 7. Ngf3 c4 8. Qd1
e6 9. Be2 Bd6 10. Bxd6 Qxd6 11. Nh4 Bg6 12. O-O O-O 13. Nxg6 hxg6 14. e4 Nd7
15. e5 Qe7 16. f4 b5 17. Rf3 Rfb8 18. Rh3 Nf8 19. Qe1 b4 20. Bg4 bxc3 21. bxc3
Rb2 22. Nf3 f6 23. exf6 gxf6 24. Qh4 Qg7 25. Qe1 Nd8 26. Rg3 Kf7 27. f5 exf5
28. Bxf5 Qh6 29. Bh3 Rab8 30. Kh1 R8b7 31. Qf1 Kg7 32. Bc8 Rc7 33. Bg4 Nf7 34.
Qe1 Nd6 35. Rh3 Qf4 36. Qh4 Ne4 37. Rf1 Re7 38. Qh8+ Kf7 39. Rh4 Rf2 40. Rb1
Ke8 41. Bd7+ 
1-0

[Event "Eliteserien 2017 - 18"]
[Site "Stavanger og Oslo"]
[Date "2017.11.03"]
[Round "6"]
[White "Salomon, Johan"]
[Black "Berg, Emanuel"]
[Result "1/2-1/2"]
[WhiteElo "2476"]
[BlackElo "2546"]
[PlyCount "116"]
[EventDate "2017.??.??"]

1. e4 c5 2. Nf3 d6 3. Bb5+ Bd7 4. Bxd7+ Qxd7 5. c4 Nf6 6. Nc3 g6 7. d4 cxd4 8.
Nxd4 Bg7 9. f3 O-O 10. Be3 Rc8 11. b3 e6 12. Qd2 Nc6 13. Rd1 d5 14. Nxc6 bxc6
15. e5 Ne8 16. f4 f6 17. exf6 Nxf6 18. O-O Rd8 19. Qe2 Qf7 20. Bd4 Rd7 21. Rfe1
Rad8 22. c5 Nh5 23. g3 Bxd4+ 24. Rxd4 Ng7 25. g4 e5 26. fxe5 Ne6 27. Rdd1 Qe7
28. b4 Rf8 29. Kh1 Qh4 30. Rf1 Rdf7 31. Rf6 Rxf6 32. exf6 Rxf6 33. b5 Nf4 34.
Qe1 Qxg4 35. Qg3 Qc8 36. b6 axb6 37. cxb6 Rf7 38. Rb1 Nh5 39. Qe3 Nf6 40. Qd4
Nh5 41. Qe3 d4 42. Qxd4 Qh3 43. Ne2 Qf3+ 44. Kg1 Nf4 45. Nxf4 Rxf4 46. Qd8+ Kg7
47. Qd7+ Kh6 48. Qd2 g5 49. h3 Qg3+ 50. Qg2 Qe3+ 51. Kh1 Rf3 52. Rb2 Kg7 53.
Rb3 Qe1+ 54. Kh2 Qe5+ 55. Kg1 Qe1+ 56. Kh2 Qe5+ 57. Kg1 Qe1+ 58. Kh2 Rf2
1/2-1/2

[Event "Eliteserien 2017 - 18"]
[Site "Stavanger og Oslo"]
[Date "2017.11.03"]
[Round "6"]
[White "Tryggestad, Andreas G"]
[Black "Getz, Nicolai"]
[Result "0-1"]
[WhiteElo "2264"]
[BlackElo "2423"]
[PlyCount "106"]
[EventDate "2017.??.??"]

1. e4 e5 2. Nf3 Nc6 3. Bb5 a6 4. Bxc6 dxc6 5. O-O f6 6. d4 exd4 7. Nxd4 c5 8.
Ne2 Qxd1 9. Rxd1 Bd7 10. Nbc3 Ne7 11. Nf4 O-O-O 12. Be3 Nc6 13. Nfd5 Be6 14.
Bf4 Ne5 15. Ne3 Bd6 16. Ne2 h5 17. f3 g5 18. Bg3 h4 19. Bf2 h3 20. Bg3 hxg2 21.
Kxg2 Ng6 22. Nd5 f5 23. Nb6+ Kb8 24. Bxd6 cxd6 25. Nd5 fxe4 26. fxe4 Rh4 27.
Ndc3 Rdh8 28. Rh1 Rf8 29. h3 g4 30. Raf1 gxh3+ 31. Kh2 Rxf1 32. Rxf1 Ne5 33.
Nf4 Bc4 34. Nce2 Bxe2 35. Nxe2 Rxe4 36. Ng1 Re3 37. Rf8+ Kc7 38. Nxh3 Re2+ 39.
Kg3 Rxc2 40. Nf4 Rxb2 41. a4 Rb3+ 42. Kg2 Ra3 43. Nd5+ Kc6 44. Ne7+ Kd7 45. Nd5
Rxa4 46. Nb6+ Ke7 47. Rb8 Ra2+ 48. Kg3 Rb2 49. Rxb7+ Ke6 50. Rb8 c4 51. Kf4 c3
52. Re8+ Kf7 53. Rb8 c2 
0-1

[Event "Eliteserien 2017 - 18"]
[Site "Stavanger og Oslo"]
[Date "2017.11.03"]
[Round "6"]
[White "Børresen, Georg S."]
[Black "Hansen, Torbjørn R."]
[Result "1/2-1/2"]
[WhiteElo "2253"]
[BlackElo "2408"]
[PlyCount "31"]
[EventDate "2017.??.??"]

1. e4 Nc6 2. Nf3 d6 3. h3 Nf6 4. Nc3 g6 5. d4 Bg7 6. Be3 O-O 7. Qd2 e5 8. dxe5
Nxe5 9. Nxe5 dxe5 10. O-O-O Be6 11. Qxd8 Rfxd8 12. Be2 a6 13. Rxd8+ Rxd8 14.
Rd1 Rxd1+ 15. Kxd1 Bf8 16. a3 
1/2-1/2

[Event "Eliteserien 2017 - 18"]
[Site "Stavanger og Oslo"]
[Date "2017.11.03"]
[Round "6"]
[White "KyrkjebÃ¸, Erlend"]
[Black "Holm, Kristian Stuvik"]
[Result "0-1"]
[WhiteElo "2145"]
[BlackElo "2429"]
[PlyCount "60"]
[EventDate "2017.??.??"]

1. e4 c5 2. Nf3 e6 3. b3 b6 4. Bb2 Bb7 5. Qe2 Nc6 6. g3 d5 7. exd5 Qxd5 8. Nc3
Qf5 9. d3 Ne5 10. Nxe5 Bxh1 11. Nb5 Ke7 12. f3 f6 13. Bh3 Qxh3 14. Qe4 fxe5 15.
Qxa8 Qh6 16. Bc1 Qh5 17. Qxa7+ Kf6 18. f4 Qxh2 19. fxe5+ Kg6 20. Qb8 Qxg3+ 21.
Kd2 Nf6 22. Ba3 Bc6 23. Na7 Bd7 24. Re1 Qf4+ 25. Kd1 Nd5 26. c4 Nc3+ 27. Kc2
Qf2+ 28. Kxc3 Qxe1+ 29. Kc2 h5 30. Qd8 Qe2+ 0-1

[Event "Eliteserien 2017 - 18"]
[Site "Stavanger og Oslo"]
[Date "2017.11.03"]
[Round "7"]
[White "Nordquelle, Daniel"]
[Black "Aulin-Jansson, JÃ¸ran"]
[Result "0-1"]
[WhiteElo "2241"]
[BlackElo "2270"]
[PlyCount "90"]
[EventDate "2017.??.??"]

1. e4 c5 2. Nc3 a6 3. g3 b5 4. Bg2 Bb7 5. d3 e6 6. Nh3 Nf6 7. O-O d5 8. exd5
Nxd5 9. Ne4 Nc6 10. Nf4 Be7 11. Re1 O-O 12. h4 Nd4 13. c3 Nf5 14. Qg4 Ra7 15.
a4 b4 16. Rd1 Qa8 17. Nh5 Kh8 18. c4 Nf6 19. Nhxf6 Bxf6 20. Nxf6 Bxg2 21. Ne4
Bxe4 22. Qxe4 Rd7 23. Be3 Nxe3 24. fxe3 Qxe4 25. dxe4 Rfd8 26. Rxd7 Rxd7 27.
Rf1 Kg8 28. Kg2 Kf8 29. Kf3 Rd2 30. Rf2 Rd1 31. Rc2 Ke7 32. Ke2 Rg1 33. Kf2 Ra1
34. e5 f6 35. Rd2 fxe5 36. Kf3 Rxa4 37. Ke4 b3 38. Kd3 Ra1 39. Rg2 a5 40. g4 a4
41. h5 Rc1 42. e4 Kd6 43. h6 g5 44. Rf2 Rg1 45. Rf7 a3 0-1

[Event "Eliteserien 2017 - 18"]
[Site "Stavanger og Oslo"]
[Date "2017.11.03"]
[Round "7"]
[White "Ã~stmoe, Geir Sune Tallaksen"]
[Black "Blomqvist, Erik"]
[Result "1/2-1/2"]
[WhiteElo "2464"]
[BlackElo "2503"]
[PlyCount "51"]
[EventDate "2017.??.??"]

1. Nf3 Nf6 2. b3 d5 3. Bb2 e6 4. e3 Bd6 5. c4 b6 6. Nc3 a6 7. d4 O-O 8. Bd3 Bb7
9. O-O Nbd7 10. Qc2 dxc4 11. bxc4 Bxf3 12. gxf3 c5 13. dxc5 Nxc5 14. Be2 Qe7
15. Kh1 Rfd8 16. Rg1 Ra7 17. Rad1 g6 18. f4 Rad7 19. Bf3 Bc7 20. Ba3 Rxd1 21.
Rxd1 Rxd1+ 22. Qxd1 Bd6 23. Bxc5 Bxc5 24. Ne4 Nxe4 25. Bxe4 Qd6 26. Qxd6
1/2-1/2

[Event "Eliteserien 2017 - 18"]
[Site "Stavanger og Oslo"]
[Date "2017.11.03"]
[Round "7"]
[White "Djurhuus, Rune"]
[Black "Haubro, Martin"]
[Result "1-0"]
[WhiteElo "2421"]
[BlackElo "2297"]
[PlyCount "79"]
[EventDate "2017.??.??"]

1. Nc3 c5 2. Nf3 Nf6 3. e4 d6 4. Bb5+ Nbd7 5. O-O e5 6. a4 g6 7. d3 Bg7 8. Bg5
h6 9. Bxf6 Bxf6 10. Nd5 Bg7 11. a5 O-O 12. Nd2 Nf6 13. Nxf6+ Bxf6 14. Bc4 Kg7
15. Nb1 Kh7 16. Nc3 Bg7 17. a6 b6 18. Bd5 Rb8 19. Nb5 Qd7 20. c4 Qe7 21. Qd2 f5
22. b4 f4 23. f3 h5 24. Ra2 g5 25. h3 g4 26. hxg4 hxg4 27. Kf2 Kg6 28. Rh1 Rh8
29. Rxh8 Bxh8 30. Ke2 Bf6 31. Kd1 Bh4 32. Kc2 Bg3 33. Kb3 Bh2 34. Qd1 Bg3 35.
Qh1 Kg7 36. Qh5 Bd7 37. Nxa7 Rh8 38. Nc6 Bxc6 39. Qxg4+ Kf6 40. Bxc6 1-0

[Event "Eliteserien 2017 - 18"]
[Site "Stavanger og Oslo"]
[Date "2017.11.03"]
[Round "7"]
[White "Ã~stenstad, Berge"]
[Black "Haug, Johannes"]
[Result "1/2-1/2"]
[WhiteElo "2448"]
[BlackElo "2363"]
[PlyCount "138"]
[EventDate "2017.??.??"]

1. d4 Nf6 2. c4 e6 3. Nf3 d5 4. Nc3 c5 5. cxd5 Nxd5 6. e3 cxd4 7. exd4 Bb4 8.
Bd2 O-O 9. Bd3 b6 10. a3 Be7 11. Qc2 h6 12. Nxd5 exd5 13. O-O Bb7 14. Rac1 Nc6
15. Qa4 Qd6 16. Bb1 Rac8 17. Qc2 g6 18. Qd3 h5 19. b4 a6 20. Bh6 Rfe8 21. Qd2
Bf6 22. Rfe1 Bg7 23. Bxg7 Kxg7 24. h4 Qf6 25. Rcd1 Rxe1+ 26. Rxe1 Nd8 27. Rc1
Ne6 28. Rxc8 Bxc8 29. Qe3 Qf4 30. g3 Qxe3 31. fxe3 Kf6 32. Kf2 Bb7 33. Ne5 Ke7
34. Bd3 Nf8 35. Kf3 Nd7 36. Nxd7 Kxd7 37. Kf4 Ke6 38. Kg5 a5 39. b5 Ke7 40. Bf1
Bc8 41. Bg2 Be6 42. Bf3 Bd7 43. Bxd5 Bxb5 44. e4 Bd3 45. Kf4 b5 46. Ke3 Bf1 47.
e5 f6 48. Be4 fxe5 49. dxe5 Kf7 50. e6+ Kxe6 51. Bxg6 b4 52. axb4 axb4 53. Bxh5
Ke5 54. Bd1 Bh3 55. Kd3 Bf1+ 56. Be2 Bg2 57. Kc4 Ke4 58. Bd3+ Ke5 59. Kxb4 Kd4
60. Bb1 Bf3 61. Bg6 Bg4 62. h5 Ke5 63. h6 Kf6 64. Be4 Be6 65. Kc5 Bg8 66. Kd4
Kg5 67. h7 Bxh7 68. Bxh7 Kg4 69. Ke3 Kxg3 1/2-1/2

[Event "Eliteserien 2017 - 18"]
[Site "Stavanger og Oslo"]
[Date "2017.11.03"]
[Round "7"]
[White "Tryggestad, Andreas G"]
[Black "Tisdall, Jonathan"]
[Result "1/2-1/2"]
[WhiteElo "2264"]
[BlackElo "2408"]
[PlyCount "100"]
[EventDate "2017.??.??"]

1. e4 c5 2. c3 Nf6 3. e5 Nd5 4. d4 cxd4 5. Nf3 e6 6. cxd4 d6 7. Bc4 Nb6 8. Bb5+
Bd7 9. Qe2 Bxb5 10. Qxb5+ Nc6 11. Nc3 Be7 12. O-O O-O 13. Be3 d5 14. Qe2 Qd7
15. Rac1 a6 16. h4 Rfc8 17. h5 h6 18. Nd2 Nc4 19. Nxc4 dxc4 20. Rcd1 Nb4 21.
Qg4 Kh8 22. d5 Nd3 23. d6 Bd8 24. Rxd3 cxd3 25. Rd1 f6 26. Rxd3 fxe5 27. Ne4
Qf7 28. d7 Rc7 29. Bc5 Rxd7 30. Rf3 Bf6 31. Be3 Rd3 32. Nc5 Rd5 33. Nxe6 e4 34.
Rh3 Qd7 35. Rg3 Re8 36. Nc5 Qxg4 37. Rxg4 Bxb2 38. Nxb7 Ree5 39. g3 Ba3 40. Rg6
Rd1+ 41. Kg2 Bc1 42. Nd6 Rxh5 43. Ba7 Rdh1 44. Nxe4 Re1 45. Nc5 Re7 46. Bb6
Rhe5 47. a4 Ba3 48. Nxa6 R7e6 49. Rxe6 Rxe6 50. a5 Bd6 1/2-1/2

[Event "Eliteserien 2017 - 18"]
[Site "Stavanger og Oslo"]
[Date "2017.11.03"]
[Round "7"]
[White "Ekeberg, Carl Fr"]
[Black "Christenson, Flemming"]
[Result "0-1"]
[WhiteElo "2261"]
[BlackElo "2209"]
[PlyCount "144"]
[EventDate "2017.??.??"]

1. d4 e6 2. c4 f5 3. g3 Nf6 4. Bg2 d5 5. Nf3 Bd6 6. O-O O-O 7. b3 b6 8. Ba3 Bb7
9. cxd5 Nxd5 10. Bb2 Nd7 11. Nbd2 N7f6 12. Rc1 Qe8 13. Nc4 f4 14. Nfe5 Rb8 15.
Bf3 b5 16. Nd2 Rd8 17. gxf4 Nxf4 18. Bxb7 Bxe5 19. e3 Qg6+ 20. Kh1 Nd3 21. f4
Nxb2 22. Qe2 Bd6 23. Rg1 Qd3 24. Qg2 Rf7 25. Nf3 Qxe3 26. Qxb2 Ne4 27. Bxe4
Qxe4 28. Qg2 Bxf4 29. Rce1 Qd5 30. Ne5 Bxe5 31. Rxe5 Qxg2+ 32. Rxg2 Rxd4 33.
Rxb5 Rf1+ 34. Rg1 Rxg1+ 35. Kxg1 Rd1+ 36. Kf2 Rd2+ 37. Kg3 Rxa2 38. Rb7 Rc2 39.
Rxa7 Kf7 40. b4 Kf6 41. b5 Rc3+ 42. Kf2 g5 43. b6 cxb6 44. Rxh7 b5 45. Rb7 Rc5
46. Ke3 Kf5 47. Rf7+ Ke5 48. Rg7 Kd6 49. Rb7 Rd5 50. Ke4 Rf5 51. Rb6+ Ke7 52.
Ke3 Kf6 53. Rb8 Rc5 54. Kd3 Re5 55. Kd4 Re2 56. Rxb5 Rxh2 57. Ke4 Rh4+ 58. Kf3
Rf4+ 59. Kg3 e5 60. Rb8 Kf5 61. Ra8 Rg4+ 62. Kf2 Kf4 63. Rf8+ Ke4 64. Ra8 Rf4+
65. Kg3 Rf7 66. Kg4 Rd7 67. Kxg5 Ke3 68. Kf5 e4 69. Ra3+ Rd3 70. Ra4 Rd4 71.
Ra3+ Kf2 72. Ke5 Rb4 0-1

[Event "Eliteserien 2017 - 18"]
[Site "Stavanger og Oslo"]
[Date "2017.11.03"]
[Round "7"]
[White "Galchenko, Matvey"]
[Black "Bern, Ivar"]
[Result "1-0"]
[WhiteElo "2340"]
[BlackElo "2317"]
[PlyCount "97"]
[EventDate "2017.??.??"]

1. c4 e5 2. Nc3 d6 3. g3 g6 4. Bg2 Bg7 5. d3 Ne7 6. e3 c6 7. Nge2 O-O 8. O-O
Be6 9. Rb1 d5 10. b3 f5 11. Ba3 Re8 12. Qc2 Na6 13. Na4 Rc8 14. b4 b5 15. cxb5
cxb5 16. Nc5 Nxc5 17. bxc5 a6 18. d4 e4 19. Bc1 Nc6 20. Bd2 Na5 21. Bxa5 Qxa5
22. Rfc1 Bf7 23. Qb3 Rb8 24. a3 Qc7 25. Nc3 g5 26. Bf1 Qc6 27. Na2 Qe6 28. a4
Rec8 29. axb5 axb5 30. Bxb5 f4 31. Qd1 h5 32. Be2 f3 33. Bf1 h4 34. Nc3 hxg3
35. fxg3 g4 36. Qd2 Bh6 37. Nd1 Bg5 38. Rxb8 Rxb8 39. c6 Be8 40. c7 Ra8 41. Qc3
Bd7 42. Bb5 Bc8 43. Qb3 Kg7 44. Bc6 Ra5 45. Bb7 f2+ 46. Kxf2 Be7 47. Bxc8 Qxc8
48. Kg1 Bd6 49. Qb6 1-0

[Event "Eliteserien 2017 - 18"]
[Site "Stavanger og Oslo"]
[Date "2017.11.03"]
[Round "7"]
[White "Gullaksen, Eirik"]
[Black "Mikalsen, Erlend"]
[Result "1-0"]
[WhiteElo "2353"]
[BlackElo "2297"]
[PlyCount "121"]
[EventDate "2017.??.??"]

1. e4 c5 2. Nf3 d6 3. d4 cxd4 4. Nxd4 Nf6 5. Nc3 a6 6. Bc4 e6 7. O-O Be7 8. a3
O-O 9. Ba2 b5 10. Qf3 Qb6 11. Be3 Qb7 12. Rfe1 Nc6 13. Rad1 Bd7 14. Qg3 Ne5 15.
f4 Nc4 16. Bxc4 bxc4 17. Bc1 e5 18. fxe5 dxe5 19. Qxe5 Rfe8 20. Qf4 Bc5 21. Kh1
Bg4 22. Nf3 Be6 23. e5 Ng4 24. Ne4 Qxe4 25. Rxe4 Nf2+ 26. Kg1 Nh3+ 27. Kf1 Nxf4
28. Rxf4 h6 29. h4 Rad8 30. Rxd8 Rxd8 31. Ke2 Bd5 32. Be3 Be7 33. Rd4 Bc5 34.
Rf4 Be7 35. Bd4 g5 36. hxg5 hxg5 37. Nxg5 Bxg5 38. Rg4 Kh7 39. Rxg5 Be4 40. Rg4
Bxc2 41. Rf4 Kg8 42. Ke3 Re8 43. Bc3 Bd3 44. Rf6 Re6 45. Rxe6 fxe6 46. Kd4 Kf7
47. Kc5 Ke7 48. Kb6 Kd7 49. g4 Bc2 50. g5 Ba4 51. Kxa6 Kc6 52. g6 Bc2 53. g7
Bh7 54. a4 Bg8 55. a5 Bh7 56. Ka7 Kc7 57. a6 Bg8 58. Ba5+ Kc8 59. Kb6 Kb8 60.
Bc3 Ka8 61. Bd4 1-0

[Event "Eliteserien 2017 - 18"]
[Site "Stavanger og Oslo"]
[Date "2017.11.03"]
[Round "7"]
[White "Mikalsen, Harald"]
[Black "Muhseen, Abdullah Mohammed"]
[Result "0-1"]
[WhiteElo "2025"]
[BlackElo "2197"]
[PlyCount "93"]
[EventDate "2017.??.??"]

1. d4 Nf6 2. Nf3 g6 3. c4 Bg7 4. Nc3 O-O 5. e4 d6 6. Be2 e5 7. Bg5 h6 8. Bh4 g5
9. dxe5 dxe5 10. Qxd8 Rxd8 11. Bg3 Re8 12. O-O-O Bg4 13. h4 Bxf3 14. gxf3 Nc6
15. hxg5 hxg5 16. Nd5 Rac8 17. Nxf6+ Bxf6 18. Rdg1 Nd4 19. Bd1 Kf8 20. Rh6 Ke7
21. Kd2 Rh8 22. Rxh8 Rxh8 23. Ke3 c6 24. Ba4 Ne6 25. Rd1 Nc5 26. Bc2 a5 27. b3
Ke6 28. a3 Na6 29. Bb1 Be7 30. a4 f6 31. Bd3 Bc5+ 32. Ke2 Bb4 33. Bc2 Ke7 34.
Ke3 Bc3 35. Rd3 Bb2 36. Rd1 Nb4 37. Bb1 Rd8 38. Rxd8 Kxd8 39. Bd3 Kd7 40. Bf1
Kd6 41. Bh3 Kc5 42. Bc8 b6 43. Be6 Nc2+ 44. Kd3 Nd4 45. Bf7 Ba1 46. f4 exf4 47.
Bd5 0-1

[Event "Eliteserien 2017 - 18"]
[Site "Stavanger og Oslo"]
[Date "2017.11.03"]
[Round "7"]
[White "Elsness, Frode"]
[Black "Ragger, Markus"]
[Result "0-1"]
[WhiteElo "2477"]
[BlackElo "2659"]
[PlyCount "68"]
[EventDate "2017.??.??"]

1. Nf3 d5 2. c4 d4 3. b4 g5 4. Qa4+ c6 5. Bb2 Bg7 6. e3 e5 7. exd4 e4 8. Ng1
Bxd4 9. Nc3 Bg4 10. Nge2 Bxe2 11. Bxe2 Nf6 12. O-O-O Nbd7 13. f3 exf3 14. gxf3
Qe7 15. Rhe1 O-O-O 16. Bf1 Ne5 17. Kb1 Qd7 18. Rxe5 Bxe5 19. Qxa7 Qf5+ 20. Kc1
Bd4 21. Qa4 Rhe8 22. b5 Qc5 23. bxc6 Qxc6 24. Qa5 Kb8 25. Qxg5 Re5 26. Qg3 Ka8
27. Kb1 Qc5 28. a3 Rg5 29. Qf4 Rf5 30. Qg3 Rg8 31. Qe1 Rxf3 32. Nb5 Re8 33.
Bxd4 Rxe1 34. Rxe1 Qf5+ 0-1